Score 0/17 Timer 02:00
1 Play Today
Clue 4-Letter Word % Correct
A black birdCROW
93.1%
The set of people working on a ship or an airplaneCREW
91.6%
Vanish, wither, or lose color over timeFADE
90.2%
Develop into maturityGROW
89.9%
Fictional detective Nancy of literatureDREW
88.7%
Counterfeit or shamFAKE
86.9%
Pet rocks, pogs, hula hoops, and Justin Bieber, e.g.FADS
77.9%
Large or big, in FrenchGROS
61.1%
Greek equivalent to CupidEROS
59.3%
Clue 4-Letter Word % Correct
With [rung 6] and [rung 17], have enough money to pay for your basic expensesMAKE
59.1%
___ Scott v. Sanford: 1857 US Supreme Court CaseDRED
58%
A powerful colorless, oily insect repellentDEET
52.2%
Feat or exploitDEED
46.6%
Actor George of 'CSI: Crime Scene Investigation'EADS
44.2%
With [rung 1] and [rung 6], have enough money to pay for your basic expensesMEET
42.7%
With [rung 1] and [rung 17], have enough money to pay for your basic expensesENDS
41.4%
Biblical son of Seth or spinoff of the 'Dukes of Hazzard'ENOS
40.1%

Today's Daily Dose

Remove Ads.
Support Sporcle.
Get the best of Sporcle when you Go Orange. This ad-free experience offers more features, more stats, and more fun while also helping to support Sporcle. Thank you for becoming a member.

You're not logged in!

Compare scores with friends on all Sporcle quizzes.
OR
Log In

Show Comments

Extras

Top Quizzes Today


Score Distribution

Your Account Isn't Verified!

In order to create a playlist on Sporcle, you need to verify the email address you used during registration. Go to your Sporcle Settings to finish the process.

Report this User

Report this user for behavior that violates our Community Guidelines.

Details: